000 01345nam a2200337 i 4500
003 DO-SdBNP
005 20250424094145.0
007 ta
008 250424b2008 cu a|||| |||| 00| 0 spa d
020 _a9789590108259
040 _aDO-SdBNP
_bspa
_cBNPHU
_erda
041 _hspa
082 4 _axxx
_bxxx
_222
100 1 _aÁlvarez Pitaluga, Antonio,
_eautor
_4aut.
_950420
245 1 3 _aLa familia de Máximo Gómez /
_cAntonio Néstor Álvarez Pitaluga ; edición, Rosa Alfonso Mestre, Norma Castillo Falcato ; corrección, Olga María López, Digna Martínez ; prólogo, Oscar Loyola Vega
264 4 _aCiudad de la Habana, Cuba :
_bEditora Política,
_c©2008.
300 _a186 páginas :
_bilustraciones ;
_c23 cm.
336 _atexto
_btxt
_2rdacontent
337 _asin mediación
_bn
_2rdamedia
338 _avolumen
_bnc
_2rdacarrier
500 _aIncluye datos biográficos del autor en la contracubierta
504 _aBibliografía : páginas 183-186
590 _aInventariado, 2025/BT
700 1 _aAlfonso Mestre, Rosa,
_eeditor
_4ed.
_944029
700 1 _aCastillo Falcato, Norma,
_eeditor
_4ed.
_987510
700 1 _aLópez, Olga Mar►1a,
_ecorrector
_4corr.
_987511
700 1 _aMartínez, Digna,
_ecorrector
_4corr.
_987512
700 1 _aLoyola Vega, Oscar,
_eprologuista
_4pr.
_987513
910 _aBtavárez
942 _2ddc
_cLBS1
999 _c58772
_d58772